000 00431nam a2200145Ia 4500
008 191206s9999 xx 000 0 und d
020 _a256022100
090 _aHM131G392
245 0 _a"Organizations: behavior, structure, processes"
250 _a3d ed.
260 _aBusiness Publications
260 _cc1979
300 _a"xvi, 596 p. : ill. ; 25 cm."
999 _c16628
_d16628